Nommez un film James Bond de A à Z - Statistiques

Statistiques générales
  • Ce quiz a été pris 3 132 fois
  • Le résultat moyen est 8 sur 16
Statistiques - réponses
Films % Correct
S 007 Skyfall / 007 Spectre / Skyfall / Spectre
86%
C Casino Royale
78%
M Meurs un autre jour / Le monde ne suffit pas / Moonraker / Mourir peut attendre
76%
G GoldenEye / Goldfinger
72%
Q 007 Quantum / Quantum of Solace
60%
D Dangereusement vôtre / Demain ne meurt jamais / Les diamants sont éternels
56%
O Octopussy / L'Oeil de feu / On ne vit que deux fois / Opération Tonnerre
52%
B Bons Baisers de Russie
49%
J James Bond 007 contre Dr No
39%
P Permis de tuer
34%
A Au service secret de Sa Majesté
28%
H L'Homme au pistolet d'or
28%
E L'Espion qui m'aimait
27%
R Rien que pour vos yeux
27%
T Tuer n'est pas jouer
26%
V Vivre et laisser mourir
26%
Aucun quiz correspondant
Distribution des résultats
% des personnes avec chaque résultat
Percentile par nombre de réponses
Votre historique - résultats
Vous n’avez pas pris ce quiz